Đang tải...

Nature guides: Common trees of India

Chi tiết về thư mục
Tác giả chính: Pippa Mukherjee
Định dạng: Printed Book
Ngôn ngữ:Undetermined
Được phát hành: Bombay Oxford University press 1983
Những chủ đề:
LEADER 00737nam a2200253Ia 4500
008 141004s9999 xx 000 0 und d
020 |a 19 561 482 8 
040 |c a 
041 |a English 
082 |a 582.16 
082 |b 582.156 
100 |a Pippa Mukherjee 
245 |a Nature guides: Common trees of India 
245 |c Pippa Mukherjee 
260 |a Bombay 
260 |b Oxford University press 
260 |c 1983 
300 |a 62 p.  
300 |b 25cm 
501 |a COF  
650 |a Trees 
942 |c BK 
999 |c 171563  |d 171563 
952 |0 0  |1 0  |4 0  |6 582_160000000000000_582_156  |7 0  |9 176770  |a KAUCOF  |b KAUCOF  |o 582.16 582.156  |p KAU_COF-1570  |r 2014-10-04  |w 2014-10-04  |y BK